书目信息 |
| 题名: |
数字影视创作基础教程
|
|
| 作者: | 李停战 , 周炜 著 | |
| 分册: | ||
| 出版信息: | 北京 高等教育出版社 2017.7 |
|
| 页数: | 397页 | |
| 开本: | 26cm | |
| 丛书名: | ||
| 单 册: | ||
| 中图分类: | J93 , G222.3-43 | |
| 科图分类: | ||
| 主题词: | 数字技术--应用--电影制作--高等学校--教材 , 数字技术--应用--电视节目制作--高等学校--教材 | |
| 电子资源: | ||
| ISBN: | 978-7-04-046409-2 | |
| 000 | 01442nam0 2200301 450 | |
| 001 | 0400001798 | |
| 005 | 20171019161754.0 | |
| 010 | @a978-7-04-046409-2@dCNY82.00 | |
| 100 | @a20171018d2017 em y0chiy50 ea | |
| 101 | 0 | @achi |
| 102 | @aCN@b110000 | |
| 105 | @aa z 000yy | |
| 106 | @ar | |
| 200 | 1 | @a数字影视创作基础教程@9shu zi ying shi chuang zuo ji chu jiao cheng@f李停战,周炜著 |
| 210 | @a北京@c高等教育出版社@d2017.7 | |
| 215 | @a397页@c图@d26cm | |
| 300 | @a教育部 文化部 高等学校动漫类规划教材 | |
| 314 | @a李停战,女,中国传媒大学动画与数字艺术学院教授、硕士生导师、国家一级剪辑师。著作《数字影视剪辑艺术教程》。 | |
| 314 | @a周炜,男,中国传媒大学影视艺术学院教授、硕士生导师、国家一级电影导演、中国电影家协会理事等。著作《数字影视剪辑艺术教程》。 | |
| 330 | @a本书以全新的角度,对电影创作中的文学剧本、导演构思与拍摄、后期剪辑等重要创作阶段的基础知识以及具体的工作流程和相关理论,做了较为详尽的、富有针对性的阐述;并从思维与方法的角度,系统地梳理了影视创作从前期拍摄到后期制作中,整个流程的工作方式和审美历程,总结了数字技术的融入对影视创作所产生的影响;同时对数字非线性编辑的操作方式及其原理做了详实、具体的介绍。 | |
| 606 | 0 | @a数字技术@x应用@x电影制作@x高等学校@j教材 |
| 606 | 0 | @a数字技术@x应用@x电视节目制作@x高等学校@j教材 |
| 690 | @aJ93@v5 | |
| 690 | @aG222.3-43@v5 | |
| 701 | 0 | @a李停战@9li ting zhan@4著 |
| 701 | 0 | @a周炜@9zhou wei@4著 |
| 801 | 0 | @aCN@b91MARC@c20171019 |
| 905 | @b1030681-5@dJ93@f5@e332 | |
| 数字影视创作基础教程/李停战,周炜著.-北京:高等教育出版社,2017.7 |
| 397页:图;26cm |
| 教育部 文化部 高等学校动漫类规划教材 |
| ISBN 978-7-04-046409-2:CNY82.00 |
| 本书以全新的角度,对电影创作中的文学剧本、导演构思与拍摄、后期剪辑等重要创作阶段的基础知识以及具体的工作流程和相关理论,做了较为详尽的、富有针对性的阐述;并从思维与方法的角度,系统地梳理了影视创作从前期拍摄到后期制作中,整个流程的工作方式和审美历程,总结了数字技术的融入对影视创作所产生的影响;同时对数字非线性编辑的操作方式及其原理做了详实、具体的介绍。 |
| ● |
| 相关链接 |
|
|
|
|
正题名:数字影视创作基础教程
索取号:J93/332
 
预约/预借
| 序号 | 登录号 | 条形码 | 馆藏地/架位号 | 状态 | 备注 |
| 1 | 1030681 | 210306818 | 第一样本阅览室/ [索取号:J93/332] | 在馆 | |
| 2 | 1030682 | 210306827 | 密集书库-物理学院/ [索取号:J93/332] | 在馆 | |
| 3 | 1030683 | 210306836 | 第一借阅区/ [索取号:J93/332] | 在馆 | |
| 4 | 1030684 | 210306845 | 第一借阅区/ [索取号:J93/332] | 在馆 | |
| 5 | 1030685 | 210306854 | 第一借阅区/ [索取号:J93/332] | 在馆 |